MARC

LEADER 00000nam0a2200000 4500
001 106230
005 20231031114818.0
035 |a (RuTPU)RU\TPU\book\114629 
090 |a 106230 
100 |a 20061201d1971 m y0rusy50 ca 
101 0 |a rus 
102 |a RU 
105 |a a j 001zy 
200 1 |a Введение в химию и технологию органических красителей  |e учебник  |f Б. И. Степанов 
210 |a Москва  |c Химия  |d 1971 
215 |a 447 с.  |c ил. 
320 |a Библиогр. в конце гл. 
320 |a Предм. указ.: с. 434-447. 
610 1 |a органические красители 
610 1 |a учебники 
610 1 |a химико-технологические институты 
610 1 |a цветность 
610 1 |a устойчивость 
610 1 |a внешние воздействия 
675 |a 667.2(075.8)  |v 3 
700 1 |a Степанов  |b Б. И.  |g Борис Иванович 
801 1 |a RU  |b 63413507  |c 20061201  |g PSBO 
801 2 |a RU  |b 63413507  |c 20180526  |g PSBO 
942 |c BK